[Event "Llobregat op 1st"]
[Site "Llobregat"]
[Date "2007.12.28"]
[Round "3"]
[White "Molano Lafuente, Ismael"]
[Black "Murat Huertas, Eduard"]
[Result "1-0"]
[WhiteElo "2071"]
[BlackElo "1936"]
[PlyCount "77"]
[EventDate "2007.12.26"]
[EventType "swiss"]
[EventRounds "9"]
[EventCountry "ESP"]
[SourceTitle "CBM 122 Extra"]
[Source "ChessBase"]
[SourceDate "2008.03.04"]
[SourceVersion "1"]
[SourceVersionDate "2008.03.04"]
[SourceQuality "1"]

1. d4 Nf6 2. Nf3 g6 3. Bf4 d5 4. Nc3 Bg7 5. Qd2 Ne4 6. Nxe4 dxe4 7. Ne5 f6 8. Nc4 Be6 9. e3 0-0 10. h4 Bg4 11. Qb4 b6 12. Nd2 Bf5 13. Qc4+ Kh8 14. Bxc7 Qc8 15. Bxb8 Qxc4 16. Bxc4 Raxb8 17. Bd5 e5 18. dxe5 Rfe8 19. Bxe4 Bxe4 20. Nxe4 Rxe5 21. Nd2 Rb5 22. 0-0-0 f5 23. c3 Rc8 24. Kc2 Kg8 25. Nf3 a5 26. Rd3 Rbc5 27. Rhd1 h6 28. Rd8+ Kh7 29. Rxc8 Rxc8 30. Rd5 a4 31. Nd4 a3 32. b3 Re8 33. Kd3 f4 34. e4 h5 35. Rd6 Rb8 36. Ne6 Rc8 37. Nxg7 Kxg7 38. Rxb6 Rd8+ 39. Ke2 1-0